| 000 | 005970000a22001930004500 | ||
|---|---|---|---|
| 003 | LK-CoMWRAF | ||
| 005 | 20231030104031.0 | ||
| 008 | 230817t1991 ||||| |||| 00| 0 eng d | ||
| 040 |
_aLK-CoMWRAF _dLK-CoMWRAF _eLK-CoMWRAF |
||
| 041 | _aeng | ||
| 082 |
_a305.4 _bPAT |
||
| 100 | _aPatel, Rashida | ||
| 245 | _aSocio-Economic Political Status and Women and Law in Pakistan | ||
| 260 |
_aKarachi: _bFaiza Publishers, _c1991 |
||
| 300 |
_aiii, 270 p. ; 23 cm. _bGlossary included |
||
| 650 | _aWOMEN- Legal status, laws, etc. -Pakistan | ||
| 650 | _aWomen-Pakistan-Social conditions | ||
| 942 | _cBK | ||
| 999 |
_c1976 _d1976 |
||